000 00296nam a22001337a 4500
020 _a978817110726
082 _a294.59215 JOS
100 _aJoshi, K.L.
245 _aAtharva-Veda samhita
260 _aParimal Publication
_bDelhi
_c2015
300 _a638
650 _aAtharva Veda
942 _cBK
999 _c19964
_d19964